Score 0/26 Timer 03:00
0 Plays Today
First Name Last Name % Correct
IndianaJones
96.4%
Captain JackSparrow
93.8%
WillyWonka
93.3%
HannibalLecter
90.7%
PeterParker
89.9%
MartyMcFly
88.3%
AtticusFinch
87.1%
MarkAntony
86%
VitoCorleone
82.5%
ScarlettO'Hara
82.1%
FreddyKrueger
81%
Dr.Evil
80.3%
HowardHughes
75.1%
First Name Last Name % Correct
Prof. CharlesXavier
73.2%
DorothyGale
68.7%
JeanValjean
67.3%
DannyZuko
54.9%
EllenRipley
53.7%
JackTorrance
43.4%
JohnNash
41.5%
RickBlaine
39.2%
CaptainQuint
31.2%
StanleyYelnats
31%
StanleyIpkiss
30.3%
AlexDeLarge
19%
MelvinUdall
10.7%
Remove Ads.
Support Sporcle.
Get the best of Sporcle when you Go Orange. This ad-free experience offers more features, more stats, and more fun while also helping to support Sporcle. Thank you for becoming a member.

You're not logged in!

Compare scores with friends on all Sporcle quizzes.
OR
Log In

Show Comments

Extras

Top Quizzes Today


Score Distribution

Your Account Isn't Verified!

In order to create a playlist on Sporcle, you need to verify the email address you used during registration. Go to your Sporcle Settings to finish the process.

Report this User

Report this user for behavior that violates our Community Guidelines.

Details: